TSAR : a large-scale simulation for assessing force generation and logistics support in a combat environment /

Bibliographic Details
Main Author: Emerson, Donald E. (Donald Eckhart), 1925-
Corporate Author: Rand Corporation
Format: Book
Language:English
Published: Santa Monica, Calif. : Rand Corp., [1981]
Subjects:

MARC

Tag First Indicator Second Indicator Subfields
LEADER 00000cam a2200000 a 4500
001 in00001120913
005 20150930070553.0
008 821129s1981 caua b 000 0 eng d
035 |a (OCoLC)09000356 
035 |9 AFV7868AM 
040 |a CSL  |c CSL  |d m/c  |d TXA  |d UtOrBLW 
049 |a TXAM 
090 |a AS36  |b .R28 P-6647 
100 1 |a Emerson, Donald E.  |q (Donald Eckhart),  |d 1925- 
245 1 0 |a TSAR :  |b a large-scale simulation for assessing force generation and logistics support in a combat environment /  |c Donald E. Emerson. 
264 1 |a Santa Monica, Calif. :  |b Rand Corp.,  |c [1981] 
300 |a 9 pages :  |b illustrations ;  |c 28 cm. 
336 |a text  |b txt  |2 rdacontent 
337 |a unmediated  |b n  |2 rdamedia 
338 |a volume  |b nc  |2 rdacarrier 
500 |a "October 1981." 
504 |a Bibliography: page 9. 
500 |a "P-6647." 
650 0 |a Aeronautics, Military  |x Data processing. 
650 0 |a Aeronautics, Military  |x Mathematical models. 
650 0 |a Air bases  |x Data processing. 
650 0 |a Air bases  |x Mathematical models. 
710 2 |a Rand Corporation. 
999 |a MARS 
999 f f |s 943b608d-7e7d-3cec-9323-9e61422ebe4e  |i 1d78d07d-da65-35d0-b151-c09da37f259f  |t 0 
952 f f |p ric  |a Texas A&M University  |b Rellis Campus  |c Joint Library Facility  |d Remote Storage  |t 0  |e AS36 .R28 P-6647  |h Library of Congress classification  |i unmediated -- volume  |m A14817085107 
998 f f |a AS36 .R28 P-6647  |t 0  |l Remote Storage